History Quiz

Random History or Lyrics Quiz

'We Didn't Start the Fire' Images III Quiz Stats

 Plays Quiz Updated Oct 11, 2017

Score 0/24 Timer 04:00
7 Plays Today
% Correct
Castro
87%
Buddy Holly
81.1%
Hula hoops
75.2%
Ben-Hur
64.5%
Princess Grace
63.4%
Bridge on the River Kwai
61%
Sputnik
59.6%
Lebanon
57.3%
Mickey Mantle
56%
Charles de Gaulle
52.3%
space monkey
43.2%
children of thalidomide
42.3%
% Correct
California baseball
42.3%
Mafia
39.7%
Peyton Place
36.8%
Little Rock
35.6%
trouble in the Suez
34.3%
Khrushchev
31.2%
Alabama
29.4%
Kerouac
28.6%
Budapest
24.2%
Chou En-Lai
23.7%
Starkweather homicide
23.2%
Pasternak
20.1%

You're not logged in!

Compare scores with friends on all Sporcle quizzes.
OR
Log In

You Might Also Like...

Show Comments

Extras

Top Quizzes Today


Score Distribution

Your Account Isn't Verified!

In order to create a playlist on Sporcle, you need to verify the email address you used during registration. Go to your Sporcle Settings to finish the process.

Report this User

Report this user for behavior that violates our Community Guidelines.

Details: